WRITING PARAGRAPHS AND ESSAYS: INTEGRATING READING, WRITING, AND GRAMMAR SKILLS (Record no. 215906)
[ view plain ]
| 000 -LEADER | |
|---|---|
| fixed length control field | 00689nam a22001937a 4500 |
| 008 - FIXED-LENGTH DATA ELEMENTS--GENERAL INFORMATION | |
| fixed length control field | 250716b |||||||| |||| 00| 0 eng d |
| 020 ## - INTERNATIONAL STANDARD BOOK NUMBER | |
| International Standard Book Number | 978-0-495-80955-5 |
| 050 ## - LIBRARY OF CONGRESS CALL NUMBER | |
| Classification number | PE 1441 .W56 2009 |
| 100 ## - MAIN ENTRY--PERSONAL NAME | |
| Personal name | WINGERSKY, JOY |
| 245 ## - TITLE STATEMENT | |
| Title | WRITING PARAGRAPHS AND ESSAYS: INTEGRATING READING, WRITING, AND GRAMMAR SKILLS |
| 250 ## - EDITION STATEMENT | |
| Edition statement | 6 |
| 260 ## - PUBLICATION, DISTRIBUTION, ETC. | |
| Place of publication, distribution, etc. | BELMONT, CA |
| Name of publisher, distributor, etc. | CENGAGE WADSWORTH, |
| Date of publication, distribution, etc. | 2009 |
| 300 ## - PHYSICAL DESCRIPTION | |
| Extent | XXVIII, 516 P.: ILL. |
| 500 ## - GENERAL NOTE | |
| General note | INCLUDES INDEX |
| 650 ## - SUBJECT ADDED ENTRY | |
| Topical term or geographic name entry element | 1. ENGLISH LANGUAGE--PARAGRAPHS 2. ENGLISH LANGUAGE--RHETORIC 3. ENGLISH LANGUAGE--GRAMMAR--PROBLEMS, EXERCISES, ETC |
| 700 ## - ADDED ENTRY--PERSONAL NAME | |
| Personal name | BOERNER, JAN |
| -- | HOLGUIN-BALOGH, DIANA |
| 942 ## - ADDED ENTRY ELEMENTS (KOHA) | |
| Source of classification or shelving scheme | Library of Congress Classification |
| Koha item type | Long Loan Book |
| Withdrawn status | Lost status | Source of classification or shelving scheme | Damaged status | Not for loan | Collection | Home library | Current library | Shelving location | Date acquired | Inventory number | Total checkouts | Full call number | Barcode | Date last seen | Copy number | Price effective from | Koha item type |
|---|---|---|---|---|---|---|---|---|---|---|---|---|---|---|---|---|---|
| Library of Congress Classification | Arts & Social Sciences | Kisii University Library | Kisii University Library | On Display | 07/16/2025 | 109194 | PE 1441 .W56 2009 | 000000020283 | 07/16/2025 | 1 | 07/16/2025 | Long Loan Book |